| 000 | 00514nam a22001937a 4500 | ||
|---|---|---|---|
| 003 | NUST - PNEC | ||
| 005 | 20170116180825.0 | ||
| 008 | 150702b xxu||||| |||| 00| 0 eng d | ||
| 020 | _a0070417474 | ||
| 040 | _cLIBRARY | ||
| 082 | _a511.8 MEY | ||
| 100 |
_94321 _aMeyer, Walter J. |
||
| 245 |
_aConcepts of mathematical modeling _cWalter J. Meyer |
||
| 250 | _a- | ||
| 260 |
_aNew York _bMcGrwa-Hill Book Company _cc1987. |
||
| 300 | _a440 p. : | ||
| 650 |
_94324 _aMathematical models _xME |
||
| 942 |
_2ddc _cBK |
||
| 999 |
_c63860 _d63860 |
||